[Event "Barcelona Sants op 20th"]
[Site "Barcelona"]
[Date "2018.08.17"]
[Round "1"]
[White "Cuartas, Jaime Alexander"]
[Black "Heredia Tarrats, Amadeo"]
[Result "1-0"]
[WhiteElo "2499"]
[BlackElo "2104"]
[PlyCount "109"]
[EventDate "2018.08.17"]
[EventType "swiss"]
[EventRounds "10"]
[EventCountry "ESP"]
[SourceTitle "CBM 186 Extra"]
[Source "ChessBase"]
[SourceDate "2018.08.24"]
[SourceVersion "1"]
[SourceVersionDate "2018.08.24"]
[SourceQuality "1"]

1. d4 Nf6 2. Nf3 g6 3. Bf4 Bg7 4. Nbd2 d5 5. h3 0-0 6. e3 b6 7. Be2 Bb7 8. 0-0 Nbd7 9. a4 a5 10. c3 Ne4 11. Rc1 Re8 12. c4 e5 13. dxe5 Nxe5 14. cxd5 Nc5 15. Bb5 Qxd5 16. Bxe8 Rxe8 17. Bxe5 Bxe5 18. e4 Qe6 19. Nxe5 Qxe5 20. Qc2 Ba6 21. Nf3 Qf4 22. Rfd1 Bd3 23. Qd2 Qxd2 24. Nxd2 Be2 25. Rxc5 Bxd1 26. Rxc7 Bxa4 27. f3 Rb8 28. Nc4 Bb3 29. Nd6 b5 30. Rc5 Bc4 31. h4 h6 32. h5 g5 33. g3 Bd3 34. Kf2 a4 35. Ke3 Bb1 36. Rxb5 Rxb5 37. Nxb5 Kf8 38. Kd2 Ba2 39. Nd4 Kg7 40. Kc3 f6 41. Kb4 g4 42. f4 Bf7 43. Kxa4 Bxh5 44. Nf5+ Kh7 45. b4 Be8+ 46. b5 h5 47. Kb4 Bd7 48. Nh4 Kg7 49. Kc5 Kf7 50. b6 Bc8 51. Kc6 Ke6 52. Kc7 Ba6 53. b7 Bxb7 54. Kxb7 Kd6 55. Kb6 1-0

[Event "Catalunya-chT"]
[Site "Catalunya"]
[Date "2014.03.29"]
[Round "10.2"]
[White "Heredia Tarrats, Amadeo"]
[Black "Almirall Botella, Jaume"]
[Result "0-1"]
[WhiteElo "2096"]
[BlackElo "2055"]
[PlyCount "118"]
[EventDate "2014.01.25"]
[EventType "team"]
[EventRounds "11"]
[EventCountry "ESP"]
[SourceTitle "EXT 2015"]
[Source "ChessBase"]
[SourceDate "2014.11.20"]
[SourceVersion "1"]
[SourceVersionDate "2014.11.20"]
[SourceQuality "1"]
[WhiteTeam "Foment Martinenc"]
[BlackTeam "Sitges"]
[WhiteTeamCountry "ESP"]
[BlackTeamCountry "ESP"]

1. e4 c6 2. d4 d5 3. Nc3 dxe4 4. Nxe4 Bf5 5. Ng3 Bg6 6. h4 h6 7. Nf3 Nd7 8. h5 Bh7 9. Bd3 Bxd3 10. Qxd3 e6 11. Bd2 Ngf6 12. 0-0-0 Be7 13. Kb1 0-0 14. Ne4 c5 15. g4 Nxg4 16. Rdg1 f5 17. Qc4 Qb6 18. Nh4 cxd4 19. Nxf5 Rxf5 20. Rxg4 Ne5 21. Qe2 Nxg4 22. Qxg4 Ba3 23. b3 Rc8 24. Bxh6 Qc7 25. c4 dxc3 26. Kc2 Qf7 27. Be3 Rd8 28. h6 Qd7 29. Qxg7+ Qxg7 30. hxg7 Kxg7 31. Bxa7 Bb4 32. Bb6 Ra8 33. a4 Ra6 34. Rg1+ Kf7 35. Be3 b5 36. Ng5+ Ke7 37. Rg4 Bd6 38. axb5 Rxb5 39. Ne4 Be5 40. Nxc3 Rc6 41. Rc4 Rxc4 42. bxc4 Ra5 43. Kb3 Kd7 44. Kb4 Ra1 45. Nb5 Rd1 46. Nc3 Rd3 47. Ne4 Kc6 48. Ng5 Bc3+ 49. Ka4 e5 50. Ne4 Bd4 51. Bh6 Rf3 52. Kb4 Bxf2 53. Nxf2 Rxf2 54. Kc3 Rf3+ 55. Kb4 Rd3 56. Bg7 e4 57. Bc3 e3 58. c5 e2 59. Be1 Rd1 0-1

[Event "Barcelona Sant Marti op-A 15th"]
[Site "Barcelona"]
[Date "2013.07.20"]
[Round "8"]
[White "Heredia Tarrats, Amadeo"]
[Black "Severri Arrese, Carlos"]
[Result "1-0"]
[WhiteElo "2098"]
[BlackElo "1905"]
[PlyCount "33"]
[EventDate "2013.07.13"]
[EventType "swiss"]
[EventRounds "9"]
[EventCountry "ESP"]
[SourceTitle "CBM 155 Extra"]
[Source "ChessBase"]
[SourceDate "2013.08.26"]
[SourceVersion "1"]
[SourceVersionDate "2013.08.26"]
[SourceQuality "1"]

1. e4 b6 2. d4 Bb7 3. Nc3 e6 4. Bd3 d6 5. f4 Nd7 6. Nf3 Ngf6 7. 0-0 Be7 8. Qe1 c5 9. e5 Ng8 10. d5 dxe5 11. fxe5 Bxd5 12. Nxd5 exd5 13. e6 fxe6 14. Qxe6 c4 15. Bg6+ hxg6 16. Qxg6+ Kf8 17. Ng5+ 1-0

[Event "Barcelona Sant Marti op-A 15th"]
[Site "Barcelona"]
[Date "2013.07.15"]
[Round "3"]
[White "Prasca Sosa, Rafael Felipe"]
[Black "Heredia Tarrats, Amadeo"]
[Result "1-0"]
[WhiteElo "2426"]
[BlackElo "2098"]
[PlyCount "101"]
[EventDate "2013.07.13"]
[EventType "swiss"]
[EventRounds "9"]
[EventCountry "ESP"]
[SourceTitle "CBM 155 Extra"]
[Source "ChessBase"]
[SourceDate "2013.08.26"]
[SourceVersion "1"]
[SourceVersionDate "2013.08.26"]
[SourceQuality "1"]

1. e4 e6 2. d4 d5 3. Nc3 Bb4 4. e5 c5 5. Bd2 Ne7 6. a3 Bxc3 7. bxc3 Bd7 8. Nf3 Ba4 9. Bd3 c4 10. Be2 Nbc6 11. 0-0 Qc7 12. Ng5 h6 13. Nh3 0-0-0 14. Nf4 g6 15. Qc1 Kb8 16. Nh3 Ng8 17. Bf4 Ka8 18. Re1 Nce7 19. f3 Nf5 20. g4 Nfe7 21. Rb1 Rb8 22. Nf2 Qd7 23. Rb4 a5 24. Rb2 Nc8 25. Qd2 Qe7 26. Ra1 Qf8 27. Bg3 Qe7 28. Rba2 Qd8 29. Re1 Nge7 30. Nd1 Qd7 31. Ne3 b5 32. Rf1 Rb6 33. f4 Na7 34. Bf3 Nac6 35. Bg2 Ra6 36. f5 g5 37. fxe6 fxe6 38. Rf6 Kb7 39. Ra1 Ng8 40. Rf2 Ra8 41. Nd1 Nge7 42. Nb2 Raf8 43. Rf6 Nd8 44. Rb1 Ka7 45. Qc1 Rf7 46. Nxa4 bxa4 47. Qb2 Qc6 48. Qb8+ Ka6 49. Rxe6 Nxe6 50. Qxh8 Ng6 51. Bxd5 1-0

[Event "Barcelona Sant Marti op-A 15th"]
[Site "Barcelona"]
[Date "2013.07.13"]
[Round "1"]
[White "Satyapragyan, Swayangsu"]
[Black "Heredia Tarrats, Amadeo"]
[Result "1-0"]
[WhiteElo "2464"]
[BlackElo "2098"]
[PlyCount "55"]
[EventDate "2013.07.13"]
[EventType "swiss"]
[EventRounds "9"]
[EventCountry "ESP"]
[SourceTitle "CBM 155 Extra"]
[Source "ChessBase"]
[SourceDate "2013.08.26"]
[SourceVersion "1"]
[SourceVersionDate "2013.08.26"]
[SourceQuality "1"]

1. e4 e6 2. d4 d5 3. Nd2 Be7 4. c3 c5 5. e5 Nc6 6. Bd3 Nh6 7. Ne2 f6 8. exf6 Bxf6 9. dxc5 e5 10. 0-0 0-0 11. Bc2 Bg4 12. f3 Be6 13. Nb3 Qe7 14. Ng3 Rad8 15. Qd3 e4 16. fxe4 Ne5 17. Qe2 Bg4 18. Qe1 Bh4 19. Rxf8+ Rxf8 20. Bxh6 gxh6 21. exd5 Bf3 22. Nd4 Bxd5 23. Ngf5 Qg5 24. Nxh4 Rf4 25. Bb3 Bxb3 26. axb3 Rxh4 27. Qe2 Rg4 28. Re1 1-0

[Event "Foment Martinenc op-A 15th"]
[Site "Barcelona"]
[Date "2013.05.04"]
[Round "3"]
[White "Heredia Tarrats, Amadeo"]
[Black "Porta Tovar, Guillem"]
[Result "1-0"]
[WhiteElo "2129"]
[BlackElo "1970"]
[PlyCount "69"]
[EventDate "2013.04.20"]
[EventType "swiss"]
[EventRounds "9"]
[EventCountry "ESP"]
[SourceTitle "CBM 154 Extra"]
[Source "ChessBase"]
[SourceDate "2013.06.25"]
[SourceVersion "2"]
[SourceVersionDate "2013.06.25"]
[SourceQuality "1"]

1. e4 e5 2. Nf3 Nc6 3. d4 exd4 4. Nxd4 Nf6 5. Nxc6 bxc6 6. e5 Qe7 7. Qe2 Nd5 8. c4 Ba6 9. b3 0-0-0 10. g3 Re8 11. Bb2 f6 12. Bg2 Qb4+ 13. Qd2 Qxd2+ 14. Nxd2 Nb4 15. Be4 Bb7 16. a3 Na6 17. exf6 Nc5 18. 0-0 gxf6 19. Bf5 Bh6 20. f4 Re3 21. Bd4 Re2 22. Bxc5 Rxd2 23. Rad1 Bf8 24. Bxf8 Rxd1 25. Rxd1 Rxf8 26. Rxd7 Kb8 27. Rxh7 c5 28. Kf2 Rd8 29. Rd7 Rh8 30. h4 Bc8 31. Rd5 c6 32. Rxc5 Rh5 33. g4 Rxh4 34. Bxc8 Kxc8 35. Kg3 1-0

[Event "Foment Martinenc op-A 15th"]
[Site "Barcelona"]
[Date "2013.04.27"]
[Round "2"]
[White "Calderon Gutierrez, Felipe"]
[Black "Heredia Tarrats, Amadeo"]
[Result "1/2-1/2"]
[WhiteElo "1870"]
[BlackElo "2129"]
[PlyCount "34"]
[EventDate "2013.04.20"]
[EventType "swiss"]
[EventRounds "9"]
[EventCountry "ESP"]
[SourceTitle "CBM 154 Extra"]
[Source "ChessBase"]
[SourceDate "2013.06.25"]
[SourceVersion "2"]
[SourceVersionDate "2013.06.25"]
[SourceQuality "1"]

1. Nf3 Nf6 2. c4 g6 3. Nc3 d5 4. cxd5 Nxd5 5. e4 Nxc3 6. dxc3 Qxd1+ 7. Kxd1 Bg7 8. Bf4 c5 9. Bb5+ Bd7 10. Bxd7+ Nxd7 11. Kc2 h6 12. a4 0-0-0 13. Be3 b6 14. a5 Kb7 15. axb6 axb6 16. Rhd1 g5 17. h3 Ne5 1/2-1/2

[Event "Catalunya-chT Honor"]
[Site "Catalunya"]
[Date "2013.04.06"]
[Round "10.8"]
[White "Heredia Tarrats, Amadeo"]
[Black "Colon Garcia, Enrique"]
[Result "1/2-1/2"]
[WhiteElo "2129"]
[BlackElo "2337"]
[PlyCount "138"]
[EventDate "2013.01.19"]
[EventType "team-tourn"]
[EventRounds "11"]
[EventCountry "ESP"]
[SourceTitle "EXT 2014"]
[Source "ChessBase"]
[SourceDate "2013.11.20"]
[SourceVersion "1"]
[SourceVersionDate "2013.11.20"]
[SourceQuality "1"]
[WhiteTeam "Foment Martinenc"]
[BlackTeam "Colon Sabadell"]
[WhiteTeamCountry "ESP"]
[BlackTeamCountry "ESP"]

1. e4 c5 2. Nf3 d6 3. d4 cxd4 4. Nxd4 Nf6 5. Nc3 a6 6. Be3 e6 7. g4 e5 8. Nf5 h5 9. g5 Nxe4 10. Nxg7+ Bxg7 11. Nxe4 d5 12. Ng3 d4 13. Bd2 Qd5 14. c4 Qc6 15. Bd3 Bg4 16. Qc2 Bf3 17. Be4 Bxe4 18. Qxe4 h4 19. Qxc6+ Nxc6 20. Ne4 0-0-0 21. b4 d3 22. 0-0 Nd4 23. Kh1 Nf3 24. Be3 h3 25. Bb6 Rd7 26. Be3 Rh4 27. Nd2 Nxd2 28. Bxd2 Rxc4 29. Rfe1 e4 30. Rad1 b5 31. Re3 Bd4 32. Rxe4 Bxf2 33. Re8+ Kb7 34. Rh8 Rc2 35. Rxh3 Rxa2 36. Rf3 Bb6 37. h4 Rc2 38. h5 Rc4 39. Rh3 Rdd4 40. h6 Rh4 41. Kg2 Rcg4+ 42. Rg3 Bd4 43. Rxg4 Rxg4+ 44. Kf3 Rh4 45. Bf4 Kc6 46. Kg3 Bf2+ 47. Kxf2 Rxf4+ 48. Kg3 Rd4 49. h7 Rd8 50. Kf4 Rh8 51. Rh1 Kd5 52. Kf5 d2 53. Rd1 Rxh7 54. Rxd2+ Kc4 55. Rd6 Kxb4 56. Rxa6 Rh1 57. Rf6 Rf1+ 58. Ke5 Rg1 59. Kf5 Rf1+ 60. Ke5 Re1+ 61. Kd6 Rg1 62. Rf5 Kc4 63. Rc5+ Kb4 64. Kc6 Rg2 65. Rxb5+ Kc4 66. Rd5 Ra2 67. Rf5 Kd4 68. Rxf7 Rg2 69. Rf5 Ke4 1/2-1/2

[Event "Catalunya-chT Honor"]
[Site "Catalunya"]
[Date "2013.02.02"]
[Round "3.10"]
[White "Degerhammar, Tomas"]
[Black "Heredia Tarrats, Amadeo"]
[Result "0-1"]
[WhiteElo "2032"]
[BlackElo "2129"]
[PlyCount "98"]
[EventDate "2013.01.19"]
[EventType "team-tourn"]
[EventRounds "11"]
[EventCountry "ESP"]
[SourceTitle "CBM 152 Extra"]
[Source "ChessBase"]
[SourceDate "2013.02.25"]
[SourceVersion "1"]
[SourceVersionDate "2013.02.25"]
[SourceQuality "1"]
[WhiteTeam "Sitges"]
[BlackTeam "Foment Martinenc"]
[WhiteTeamCountry "ESP"]
[BlackTeamCountry "ESP"]

1. c4 Nf6 2. Nc3 d5 3. cxd5 Nxd5 4. g3 g6 5. Bg2 Nb6 6. d3 Bg7 7. Bg5 0-0 8. Qd2 Nc6 9. Bxc6 bxc6 10. Bh6 c5 11. h4 Bb7 12. Rh2 Qd4 13. h5 Rad8 14. Rh4 Qf6 15. Qf4 Qxf4 16. Bxf4 e5 17. Bg5 f6 18. Be3 g5 19. Rh2 c4 20. Bxb6 axb6 21. dxc4 Rd4 22. b3 Rfd8 23. Rd1 Rxd1+ 24. Nxd1 Bf8 25. Ne3 Bb4+ 26. Kf1 Rd2 27. a4 Rb2 28. Nd5 Bxd5 29. cxd5 e4 30. g4 Rxb3 31. Rh3 Rb1+ 32. Kg2 Rd1 33. Re3 Rd4 34. f3 exf3+ 35. exf3 Kf7 36. Ne2 Rxd5 37. Ng3 Rd2+ 38. Kf1 c5 39. Nf5 c4 40. Re2 Rd1+ 41. Kg2 c3 42. Ne3 Rd3 43. Nc4 Bc5 44. a5 bxa5 45. Nxa5 Rd2 46. Kf1 c2 47. Nb3 Rd1+ 48. Re1 Rxe1+ 49. Kxe1 Be3 0-1

[Event "Vlissingen HZ op 16th"]
[Site "Vlissingen"]
[Date "2012.08.05"]
[Round "3"]
[White "Heredia Tarrats, Amadeo"]
[Black "Wise, Michael"]
[Result "1-0"]
[WhiteElo "2151"]
[BlackElo "1895"]
[PlyCount "94"]
[EventDate "2012.08.04"]
[EventType "swiss"]
[EventRounds "9"]
[EventCountry "NED"]
[SourceTitle "CBM 149 Extra"]
[Source "ChessBase"]
[SourceDate "2012.08.24"]
[SourceVersion "1"]
[SourceVersionDate "2012.08.24"]
[SourceQuality "1"]

1. e4 c5 2. Nf3 g6 3. d4 cxd4 4. Nxd4 Bg7 5. Nc3 Nc6 6. Nde2 Nf6 7. g3 0-0 8. Bg2 d6 9. 0-0 Be6 10. Nd5 Bxd5 11. exd5 Ne5 12. a4 Qc7 13. Ra2 Rac8 14. b3 Ned7 15. c4 Nc5 16. Nd4 Nfd7 17. Nb5 Qb8 18. b4 Na6 19. Qb3 Nb6 20. Rc2 Nc7 21. Nc3 Ne8 22. Ne2 Nd7 23. Be3 a5 24. bxa5 Nc5 25. Qb4 Nf6 26. Rb1 Nfd7 27. f4 Rfd8 28. Nd4 Kf8 29. Bh3 Qa8 30. Qb5 Rc7 31. Nb3 Nxb3 32. Qxb3 f5 33. g4 Qxa5 34. gxf5 Nc5 35. Bxc5 Qxc5+ 36. Kh1 Qd4 37. fxg6 Qe4+ 38. Bg2 Qxg6 39. Re1 Ra8 40. Be4 Qg4 41. Rg1 Qxf4 42. Bxh7 Bd4 43. Rd1 Kg7 44. Rg2+ Kf7 45. Rxd4 Qxd4 46. Qf3+ Ke8 47. Rg8+ Kd7 1-0

[Event "Catalunya-chT"]
[Site "Catalunya"]
[Date "2012.04.21"]
[Round "11.10"]
[White "Heredia Tarrats, Amadeo"]
[Black "Bofill Mas, Alejandro"]
[Result "1/2-1/2"]
[WhiteElo "2140"]
[BlackElo "2344"]
[PlyCount "24"]
[EventDate "2012.01.28"]
[EventType "team-tourn"]
[EventRounds "11"]
[EventCountry "ESP"]
[SourceTitle "EXT 2013"]
[Source "ChessBase"]
[SourceDate "2012.11.22"]
[SourceVersion "1"]
[SourceVersionDate "2012.11.22"]
[SourceQuality "1"]
[WhiteTeam "Foment Martinenc"]
[BlackTeam "Barcelona Escola Escacs"]
[WhiteTeamCountry "ESP"]
[BlackTeamCountry "ESP"]

1. e4 c5 2. Nf3 e6 3. d4 cxd4 4. Nxd4 Nf6 5. Nc3 d6 6. g4 Be7 7. g5 Nfd7 8. h4 Nc6 9. Be3 Nb6 10. Qe2 Ne5 11. 0-0-0 a6 12. Kb1 Bd7 1/2-1/2

[Event "Catalunya-chT"]
[Site "Catalunya"]
[Date "2012.04.14"]
[Round "10.8"]
[White "Navas Joyanes, Juan de Dios"]
[Black "Heredia Tarrats, Amadeo"]
[Result "0-1"]
[WhiteElo "1787"]
[BlackElo "2140"]
[PlyCount "60"]
[EventDate "2012.01.28"]
[EventType "team-tourn"]
[EventRounds "11"]
[EventCountry "ESP"]
[SourceTitle "EXT 2013"]
[Source "ChessBase"]
[SourceDate "2012.11.22"]
[SourceVersion "1"]
[SourceVersionDate "2012.11.22"]
[SourceQuality "1"]
[WhiteTeam "Tarragona"]
[BlackTeam "Foment Martinenc"]
[WhiteTeamCountry "ESP"]
[BlackTeamCountry "ESP"]

1. c4 Nf6 2. Nf3 g6 3. Nc3 d5 4. cxd5 Nxd5 5. g3 Bg7 6. Bg2 Nc6 7. 0-0 Nb6 8. d3 0-0 9. Be3 e5 10. Qd2 Nd4 11. Bh6 Re8 12. Bxg7 Kxg7 13. e3 Nxf3+ 14. Bxf3 c6 15. Rad1 Bh3 16. Rfe1 Qe7 17. b3 Rad8 18. Qc2 h6 19. Ne4 Nd5 20. Qb2 f5 21. Nc3 Nb4 22. d4 Kh7 23. dxe5 Nd3 24. Rxd3 Rxd3 25. Be2 Rd7 26. f4 Red8 27. Nb1 Qb4 28. Rc1 Qe4 29. Bf1 Qxe3+ 30. Kh1 Rd1 0-1

[Event "Catalunya-chT"]
[Site "Barcelona"]
[Date "2011.02.19"]
[Round "4.9"]
[White "Heredia Tarrats, Amadeo"]
[Black "Tallo Dominguez, Imar"]
[Result "1-0"]
[WhiteElo "2145"]
[BlackElo "2204"]
[PlyCount "117"]
[EventDate "2011.01.29"]
[EventType "team-tourn"]
[EventRounds "11"]
[EventCountry "ESP"]
[SourceTitle "EXT 2012"]
[Source "ChessBase"]
[SourceDate "2011.11.24"]
[SourceVersion "1"]
[SourceVersionDate "2011.11.24"]
[SourceQuality "1"]
[WhiteTeam "Forment"]
[BlackTeam "Colon Sabadell"]
[WhiteTeamCountry "ESP"]
[BlackTeamCountry "ESP"]

1. e4 c5 2. Nf3 d6 3. d4 cxd4 4. Nxd4 Nf6 5. Nc3 a6 6. Be3 e6 7. g4 b5 8. g5 Nfd7 9. a3 Nb6 10. h4 Nc4 11. Bxc4 bxc4 12. Qe2 Qc7 13. f4 Nd7 14. 0-0-0 Rb8 15. h5 Qb7 16. Qxc4 Nc5 17. b4 Nxe4 18. Nc6 Nxc3 19. Qxc3 Ra8 20. Na5 Qe4 21. Rhe1 Bd7 22. Rd4 Qf3 23. Rc4 h6 24. g6 f6 25. Rc7 Be7 26. Qc4 Bd8 27. Nb7 Bxc7 28. Qxc7 Qc6 29. Nxd6+ Kf8 30. Qxc6 Bxc6 31. Bc5 Ke7 32. Nf7+ Kd7 33. Rd1+ Kc7 34. Nxh8 Rxh8 35. Rd6 Re8 36. Kd2 e5 37. f5 e4 38. Ke3 Re5 39. Re6 Rxe6 40. fxe6 Bd5 41. Bf8 Bxe6 42. Bxg7 Bg4 43. Bxh6 Bxh5 44. g7 Bf7 45. Kxe4 Be6 46. Be3 Kd7 47. Bc5 Ke8 48. Bd4 Ke7 49. Kd3 Bg8 50. Bc5+ Kf7 51. Bf8 Bh7+ 52. Kd2 Be4 53. c4 Bc6 54. Ke3 f5 55. Kf4 Be4 56. a4 Bd3 57. c5 Bc2 58. b5 Bd3 59. c6 1-0

[Event "Paleochora op 3rd"]
[Site "Paleochora"]
[Date "2010.07.28"]
[Round "8"]
[White "Markidis, Konstantinos"]
[Black "Heredia Tarrats, Amadeo"]
[Result "1-0"]
[WhiteElo "2342"]
[BlackElo "2174"]
[PlyCount "145"]
[EventDate "2010.07.22"]
[EventType "swiss"]
[EventRounds "9"]
[EventCountry "GRE"]
[SourceTitle "CBM 137 Extra"]
[Source "ChessBase"]
[SourceDate "2010.09.01"]
[SourceVersion "1"]
[SourceVersionDate "2010.09.01"]
[SourceQuality "1"]

1. Nf3 Nf6 2. c4 g6 3. Nc3 d5 4. Qa4+ Nc6 5. Nd4 Qd7 6. cxd5 Nxd5 7. Nxd5 Qxd5 8. Nxc6 Qxc6 9. Qxc6+ bxc6 10. e3 Bg7 11. Bc4 Rb8 12. Rb1 0-0 13. b3 Rd8 14. Ke2 e5 15. d3 c5 16. Bd2 Bf8 17. f3 Kg7 18. g4 h6 19. h3 Bb7 20. e4 g5 21. Rhc1 Bc6 22. Ba5 Rd7 23. a3 Bb5 24. b4 cxb4 25. Bxb4 Bxc4 26. Bxf8+ Rxf8 27. Rxc4 Rfd8 28. Rb3 h5 29. Rc5 hxg4 30. hxg4 f6 31. Rc6 Kg6 32. Rbc3 Rc8 33. Rb3 Rcd8 34. Ra6 Ra8 35. Rc3 Rd6 36. Rxd6 cxd6 37. Rc6 Rd8 38. Rc7 a5 39. Ra7 d5 40. Rxa5 d4 41. a4 Rh8 42. Ra7 Rh2+ 43. Ke1 Rh3 44. Rb7 Rxf3 45. Rb3 Rg3 46. Ra3 Rxg4 47. a5 Rh4 48. a6 Rh8 49. a7 Ra8 50. Kf2 g4 51. Kg3 Kh5 52. Ra5 Kg5 53. Ra6 f5 54. exf5 Kxf5 55. Ra5 Ke6 56. Kxg4 Kd6 57. Kf5 Rf8+ 58. Kg5 Ra8 59. Ra6+ Kd5 60. Kf6 e4 61. Ra5+ Kc6 62. dxe4 d3 63. Rd5 Rxa7 64. Rxd3 Ra1 65. e5 Re1 66. e6 Rf1+ 67. Ke7 Re1 68. Rd2 Re3 69. Rc2+ Kb7 70. Kd7 Rd3+ 71. Ke8 Re3 72. e7 Re4 73. Rf2 1-0

[Event "Paleochora op 3rd"]
[Site "Paleochora"]
[Date "2010.07.24"]
[Round "4"]
[White "Heredia Tarrats, Amadeo"]
[Black "Prasanna Raghuram, Rao"]
[Result "0-1"]
[WhiteElo "2174"]
[BlackElo "2373"]
[PlyCount "46"]
[EventDate "2010.07.22"]
[EventType "swiss"]
[EventRounds "9"]
[EventCountry "GRE"]
[SourceTitle "CBM 137 Extra"]
[Source "ChessBase"]
[SourceDate "2010.09.01"]
[SourceVersion "1"]
[SourceVersionDate "2010.09.01"]
[SourceQuality "1"]

1. e4 e5 2. Nf3 Nc6 3. d4 exd4 4. Nxd4 Bc5 5. Nb3 Bb6 6. Nc3 d6 7. Bd3 Qh4 8. g3 Qf6 9. Qe2 Ne5 10. f4 Nxd3+ 11. Qxd3 Ne7 12. Be3 0-0 13. 0-0-0 Bg4 14. Rd2 Be6 15. Nd4 Nc6 16. Nd5 Bxd5 17. exd5 Ne7 18. c4 Rfe8 19. Nc2 Qf5 20. Re1 Qxd3 21. Rxd3 Nf5 22. Kd2 Nxe3 23. Nxe3 Ba5+ 0-1

[Event "Barcelona Sant Marti op 12th"]
[Site "Barcelona"]
[Date "2010.07.17"]
[Round "5"]
[White "Heredia Tarrats, Amadeo"]
[Black "Oms Fuentes, Lluis"]
[Result "0-1"]
[WhiteElo "2174"]
[BlackElo "2360"]
[PlyCount "76"]
[EventDate "2010.07.13"]
[EventType "swiss"]
[EventRounds "9"]
[EventCountry "ESP"]
[SourceTitle "CBM 137 Extra"]
[Source "ChessBase"]
[SourceDate "2010.09.01"]
[SourceVersion "1"]
[SourceVersionDate "2010.09.01"]
[SourceQuality "1"]

1. e4 c5 2. Nf3 Nc6 3. Nc3 Nf6 4. e5 Ng4 5. Qe2 f6 6. exf6 Nxf6 7. d4 cxd4 8. Nb5 d6 9. Nbxd4 Nxd4 10. Nxd4 e5 11. Bg5 Be7 12. Nb3 0-0 13. 0-0-0 Bf5 14. Kb1 Rc8 15. Rc1 Qe8 16. Qd2 Qg6 17. Bxf6 Bxf6 18. h4 Kh8 19. f3 d5 20. g4 Be6 21. Bd3 e4 22. h5 Qe8 23. fxe4 dxe4 24. Be2 h6 25. Rcf1 Qc6 26. Nd4 Qd5 27. Nb3 Qc6 28. Nd4 Qb6 29. c3 Bd5 30. Rhg1 Bg5 31. Qd1 Rfd8 32. Ka1 Qa5 33. Nb3 Qa4 34. Nc1 Qc6 35. Qc2 a5 36. Rf5 Be6 37. Rxa5 Rd2 38. Qa4 Qb6 0-1

[Event "Barcelona op"]
[Site "Barcelona"]
[Date "2009.12.06"]
[Round "2"]
[White "Heredia Tarrats, Amadeo"]
[Black "Riera Danes, Manel"]
[Result "1-0"]
[WhiteElo "2173"]
[BlackElo "2063"]
[PlyCount "39"]
[EventDate "2009.12.05"]
[EventType "swiss"]
[EventRounds "9"]
[EventCountry "ESP"]
[SourceTitle "CBM 133 Extra"]
[Source "ChessBase"]
[SourceDate "2010.01.05"]
[SourceVersion "1"]
[SourceVersionDate "2010.01.05"]
[SourceQuality "1"]

1. e4 c5 2. Nf3 Nc6 3. Nc3 d6 4. d4 cxd4 5. Nxd4 Nf6 6. Be3 e5 7. Nf3 Be7 8. Bc4 0-0 9. 0-0 a6 10. h3 b5 11. Bb3 Bb7 12. Bg5 Ne8 13. Be3 Kh8 14. Nd5 f5 15. exf5 Rxf5 16. Nb6 Rb8 17. Be6 Rf6 18. Ng5 Qc7 19. Nd5 Qa5 20. Qh5 1-0

[Event "Barcelona Tancat Sant Marti 1st"]
[Site "Barcelona"]
[Date "2009.11.14"]
[Round "7"]
[White "Heredia Tarrats, Amadeo"]
[Black "Salvo Garcia, Roger"]
[Result "1/2-1/2"]
[WhiteElo "2169"]
[BlackElo "2119"]
[PlyCount "31"]
[EventDate "2009.10.03"]
[EventType "tourn"]
[EventRounds "9"]
[EventCountry "ESP"]
[SourceTitle "EXT 2024"]
[Source "ChessBase"]
[SourceDate "2023.10.10"]
[SourceVersion "1"]
[SourceVersionDate "2023.10.10"]
[SourceQuality "1"]

1. e4 c6 2. d4 d5 3. exd5 cxd5 4. c4 Nf6 5. Nc3 g6 6. Qb3 Bg7 7. cxd5 0-0 8. Be2 Na6 9. Bf4 Qb6 10. Qxb6 axb6 11. d6 exd6 12. Bxd6 Rd8 13. Ba3 Rxd4 14. Nf3 Rd8 15. 0-0 Nc5 16. Rad1 1/2-1/2

[Event "Barcelona Tancat Sant Marti 1st"]
[Site "Barcelona"]
[Date "2009.10.24"]
[Round "4"]
[White "Subirachs Mancebo, Guillem"]
[Black "Heredia Tarrats, Amadeo"]
[Result "0-1"]
[WhiteElo "2084"]
[BlackElo "2169"]
[PlyCount "54"]
[EventDate "2009.10.03"]
[EventType "tourn"]
[EventRounds "9"]
[EventCountry "ESP"]
[SourceTitle "EXT 2024"]
[Source "ChessBase"]
[SourceDate "2023.10.10"]
[SourceVersion "1"]
[SourceVersionDate "2023.10.10"]
[SourceQuality "1"]

1. e4 e6 2. Nc3 d5 3. Nf3 Nf6 4. e5 Nfd7 5. d4 c5 6. dxc5 Nc6 7. Bf4 Nxc5 8. Bd3 a6 9. 0-0 Be7 10. a3 0-0 11. b4 Nxd3 12. Qxd3 Bd7 13. Rad1 Rc8 14. Rfe1 Na7 15. Nd4 Rc4 16. Re3 Nb5 17. Ncxb5 Bxb5 18. Rh3 g6 19. Qe3 Kh8 20. Rd3 Rg8 21. Qf3 Bg5 22. Qg4 Bxf4 23. Qxf4 Rg7 24. Qf6 Qc8 25. Rh4 Rxc2 26. Rd1 Rc1 27. Qf3 Qc3 0-1

[Event "Barcelona Sants op 11th"]
[Site "Barcelona"]
[Date "2009.07.18"]
[Round "6"]
[White "Moreno Perez, Norberto"]
[Black "Heredia Tarrats, Amadeo"]
[Result "1/2-1/2"]
[WhiteElo "1915"]
[BlackElo "2173"]
[PlyCount "121"]
[EventDate "2009.07.13"]
[EventType "swiss"]
[EventRounds "9"]
[EventCountry "ESP"]
[SourceTitle "CBM 131 Extra"]
[Source "ChessBase"]
[SourceDate "2009.09.03"]
[SourceVersion "2"]
[SourceVersionDate "2009.09.16"]
[SourceQuality "1"]

1. e4 e6 2. Nc3 d5 3. exd5 exd5 4. d4 Bb4 5. Bd3 Nc6 6. Be3 Nge7 7. h3 Bf5 8. Nge2 Qd7 9. Ng3 Bg6 10. 0-0 0-0 11. Nce2 Rae8 12. Nf4 Nf5 13. Qg4 Nce7 14. h4 Qc8 15. Nxd5 Nxd5 16. Nxf5 Bxf5 17. Bxf5 Nxe3 18. fxe3 Qd8 19. c3 Ba5 20. Rf3 c5 21. Bc2 Bc7 22. Qf5 g6 23. Qxc5 Bd6 24. Qg5 Qxg5 25. hxg5 Be7 26. Ba4 Rd8 27. Raf1 Bxg5 28. Bb3 Rd7 29. e4 Kg7 30. e5 Re7 31. e6 f5 32. d5 Rd8 33. Rg3 Kf6 34. c4 b6 35. Ba4 Rc7 36. Bb5 a5 37. Rd3 Ke7 38. a3 Kd6 39. b4 axb4 40. axb4 Ra8 41. Rfd1 Ra2 42. Bc6 Rc2 43. Bb5 Ra7 44. Rb3 Raa2 45. c5+ bxc5 46. bxc5+ Rxc5 47. Bf1 Rxd5 48. Rb6+ Kc7 49. Rb7+ Kxb7 50. Rxd5 Kc8 51. Bc4 Ra7 52. Kf2 Be7 53. Kf3 Ra3+ 54. Ke2 Ra4 55. Kd3 Ra1 56. Ke3 Re1+ 57. Be2 Ra1 58. Rd7 Ra7 59. Rxa7 Bc5+ 60. Kf4 Bxa7 61. Kg5 1/2-1/2